000 nam a22 4500
999 _c29123
_d29123
008 171108b xxu||||| |||| 00| 0 eng d
020 _a8121939267
050 _aT 353 .D43 2012
100 _aDhawan, R. K.
245 _aFundamentals of engineering drawing /
_cR. K. Dhawan
260 _aNew Delhi :
_bS. Chand & Company Ltd.
_c2012.
300 _ax, 437p. :
_bill. ;
_c24 cm.
650 _aMechanical drawing.
942 _2lcc
_cBOOKS
_hT 353 .D43 2012
_017